[Event "I Trofeo C.V.A. A"]
[Site "Arvier ITA"]
[Date "2004.01.06"]
[Round "7"]
[White "Trotto, Pierangelo"]
[Black "Scipioni, Gaetano"]
[Result "0-1"]
[WhiteElo "1824"]
[BlackElo "2057"]
[PlyCount "180"]
[EventDate "2004.01.02"]

1. e4 d6 2. d4 Nf6 3. Nc3 c6 4. a4 Nbd7 5. Bc4 e5 6. dxe5 dxe5 7. Be3 Bb4 8. f3
O-O 9. Nge2 Qc7 10. O-O Rd8 11. Qc1 Nf8 12. g4 Be6 13. Bxe6 Nxe6 14. Ng3 Nd7
15. Kg2 Ndf8 16. Nce2 Ng6 17. Nh5 Rd7 18. c3 Be7 19. Qc2 Rad8 20. Rad1 a5 21.
Rxd7 Qxd7 22. Nc1 Nc5 23. Rf2 Nd3 24. Nxd3 Qxd3 25. Bb6 Qxc2 26. Rxc2 Rd3 27.
Bf2 Nh4+ 28. Bxh4 Bxh4 29. Ng3 g6 30. Ne2 Bg5 31. Kg3 Kf8 32. h4 Be3 33. g5 Ke7
34. Kg4 Rd1 35. f4 Bxf4 36. Nxf4 exf4 37. Kxf4 Ra1 38. h5 Rxa4 39. hxg6 hxg6
40. c4 Ra2 41. Ke5 a4 42. c5 a3 43. Rc3 Rxb2 44. Rxa3 Rb5 45. Kd4 f6 46. gxf6+
Kxf6 47. Rf3+ Ke6 48. Kc4 Ke5 49. Rg3 Rb1 50. Rxg6 Rc1+ 51. Kb4 Kxe4 52. Rd6
Rf1 53. Kc3 Rf5 54. Kb4 Rd5 55. Rh6 Rd1 56. Rh4+ Kd5 57. Rh5+ Ke6 58. Rh6+ Kd7
59. Rh7+ Kc8 60. Rg7 Kb8 61. Rg3 Ra1 62. Rh3 Ka7 63. Rh8 Rb1+ 64. Kc4 Rf1 65.
Rh4 Ka6 66. Rg4 Ka5 67. Rg7 Rf4+ 68. Kc3 Kb5 69. Rxb7+ Kxc5 70. Rh7 Rf3+ 71.
Kc2 Kb5 72. Rb7+ Kc4 73. Rh7 Rf2+ 74. Kc1 c5 75. Rh4+ Kb3 76. Rh3+ Kb4 77. Rh8
c4 78. Kd1 Kc3 79. Rb8 Rf1+ 80. Ke2 Rh1 81. Rb7 Kc2 82. Rb8 c3 83. Rc8 Rb1 84.
Rc7 Rb5 85. Rd7 Re5+ 86. Kf3 Kc1 87. Rc7 c2 88. Rc6 Rd5 89. Rh6 Kd2 90. Rh2+
Kc3 0-1

[Event "Weekend A Ottobre"]
[Site "Torino ITA"]
[Date "2004.10.??"]
[Round "1"]
[White "Rotundo, Raffaele"]
[Black "Sola, Giuseppe"]
[Result "1/2-1/2"]
[WhiteElo "2123"]
[BlackElo "1901"]
[PlyCount "178"]
[EventDate "2004.10.27"]

1. e4 e5 2. Nf3 Nc6 3. Nc3 Nf6 4. g3 d5 5. exd5 Nxd5 6. Bg2 Nxc3 7. bxc3 Bc5 8.
O-O O-O 9. Nxe5 Nxe5 10. d4 Bd6 11. dxe5 Bxe5 12. Ba3 Bxc3 13. Bxf8 Qxf8 14.
Rb1 Be6 15. Qf3 Qc5 16. Qxb7 Rf8 17. Qc6 Qxc6 18. Bxc6 Bxa2 19. Rb7 Bd4 20.
Rxc7 Bb6 21. Re7 Be6 22. Re8 Rxe8 23. Bxe8 Kf8 24. Bc6 Ke7 25. Rd1 Bf5 26. c4
Bg4 27. Rd2 Ba5 28. Rd4 Be6 29. c5 Bc3 30. Re4 Kd8 31. Bb5 a5 32. Re3 Bb4 33.
Rd3+ Kc7 34. c6 h5 35. f3 g6 36. Rd1 Be7 37. Kf1 Bc5 38. Ke2 Be7 39. Kd3 Bf5+
40. Ke2 Be6 41. Ba4 Bc5 42. Kd3 Bd5 43. Kc3 Bxc6 44. Bxc6 Kxc6 45. Kc4 Be7 46.
Re1 Bb4 47. Re8 Kd7 48. Ra8 Kd6 49. Ra6+ Ke7 50. Kd5 Kf8 51. Rc6 Kg7 52. Ke5
Ba3 53. Ra6 Bb4 54. Kd5 Bc3 55. Ra8 Bb4 56. Kc6 Bd2 57. Kd7 Bb4 58. Ke8 f5 59.
f4 Kf6 60. Ra6+ Kg7 61. Ra7+ Kf6 62. Rf7+ Ke6 63. Rg7 Kf6 64. Ra7 h4 65. gxh4
Bd2 66. Ra6+ Kg7 67. Ra7+ Kh6 68. Kf7 Bxf4 69. Rxa5 Bxh2 70. Ra8 Be5 71. Rg8
Kh5 72. Rxg6 Kxh4 73. Ke6 Bc3 74. Kxf5 Kh3 75. Kf4 Bd2+ 76. Kf3 Kh4 77. Rg2 Ba5
78. Kf4 Bc7+ 79. Kf5 Kh3 80. Rg7 Ba5 81. Ke4 Kh2 82. Kf3 Bb6 83. Rh7+ Kg1 84.
Kg3 Bf2+ 85. Kf3 Bc5 86. Rd7 Bb6 87. Rd2 Kh1 88. Rc2 Bd4 89. Rd2 Bb6 1/2-1/2

[Event "Weekend A Ottobre"]
[Site "Torino ITA"]
[Date "2004.10.??"]
[Round "2"]
[White "Diana, Riccardo"]
[Black "Fuggetta, Leonardo"]
[Result "1/2-1/2"]
[WhiteElo "2119"]
[BlackElo "2053"]
[PlyCount "40"]
[EventDate "2004.10.27"]

1. e4 d6 2. d4 Nf6 3. Nd2 e5 4. Ngf3 Nbd7 5. Bc4 Be7 6. c3 c6 7. O-O Qc7 8.
dxe5 Nxe5 9. Nxe5 dxe5 10. h3 O-O 11. Qe2 Nd7 12. Nf3 b5 13. Bb3 Nc5 14. Bc2
Be6 15. b3 a5 16. Ng5 Bxg5 17. Bxg5 f6 18. Be3 Qe7 19. f3 Rfd8 20. Rfd1 Nb7
1/2-1/2

[Event "Weekend A Ottobre"]
[Site "Torino ITA"]
[Date "2004.10.??"]
[Round "2"]
[White "Fassio, Luca"]
[Black "Racioppo, Paolo"]
[Result "0-1"]
[WhiteElo "2066"]
[BlackElo "2214"]
[PlyCount "70"]
[EventDate "2004.10.27"]

1. e4 c5 2. c3 a6 3. d4 cxd4 4. cxd4 d5 5. exd5 Nf6 6. Nc3 Nxd5 7. Nf3 Nc6 8.
Bc4 Nb6 9. Be2 Bf5 10. Be3 e6 11. O-O Be7 12. Rc1 Rc8 13. Ne5 Nb4 14. a3 N4d5
15. Nxd5 Rxc1 16. Bxc1 Qxd5 17. Be3 O-O 18. Bf3 Be4 19. Bxe4 Qxe4 20. Qb3 Nd5
21. Qxb7 Bd6 22. Nd7 Rd8 23. Nc5 Qh4 24. g3 Qg4 25. Nxa6 h5 26. Nb4 Rb8 27. Qd7
Bxb4 28. axb4 Rxb4 29. Qe8+ Kh7 30. Qxf7 Rxb2 31. Bc1 Re2 32. Kg2 Nf6 33. Be3
h4 34. Kh1 Qf3+ 35. Kg1 h3 0-1

[Event "Weekend A Ottobre"]
[Site "Torino ITA"]
[Date "2004.10.??"]
[Round "2"]
[White "Forno, Roberto"]
[Black "Catana, Costel"]
[Result "1-0"]
[WhiteElo "2002"]
[BlackElo "2100"]
[PlyCount "51"]
[EventDate "2004.10.27"]

1. d4 d5 2. c4 e6 3. Nf3 Nf6 4. Nc3 Be7 5. Bf4 O-O 6. e3 Re8 7. Bd3 b6 8. Ne5
c5 9. cxd5 exd5 10. O-O Be6 11. Bb5 Nfd7 12. Nc6 Nxc6 13. Bxc6 cxd4 14. exd4
Rc8 15. Bb7 Rc4 16. Ba6 Rb4 17. Nb5 Nb8 18. Bxb8 Qxb8 19. b3 Bd7 20. Nc3 Qf4
21. Ne2 Qh4 22. a3 Bd6 23. g3 Qh6 24. axb4 Bg4 25. Re1 Bf3 26. Nf4 1-0

[Event "Weekend A Ottobre"]
[Site "Torino ITA"]
[Date "2004.10.??"]
[Round "2"]
[White "Gussone, Claudio"]
[Black "Angioni, Gian Carlo"]
[Result "1/2-1/2"]
[WhiteElo "1980"]
[BlackElo "1832"]
[PlyCount "155"]
[EventDate "2004.10.27"]

1. c4 c5 2. Nc3 e6 3. Nf3 Nf6 4. g3 Nc6 5. Bg2 a6 6. O-O Be7 7. d4 cxd4 8. Nxd4
Qc7 9. b3 O-O 10. Bb2 Rb8 11. Rc1 b6 12. e3 Bb7 13. Nd5 Qd8 14. Nxe7+ Qxe7 15.
Qd2 Rfd8 16. Rfe1 Ne5 17. Bxb7 Rxb7 18. f3 Rc7 19. Kg2 d5 20. cxd5 Nxd5 21. a3
Ng6 22. e4 Nf6 23. Qe3 Rdc8 24. Rxc7 Rxc7 25. Rc1 Ne5 26. Ne2 Rxc1 27. Nxc1
Ned7 28. Nd3 Ne8 29. Qd4 Qd6 30. Qc3 Qc7 31. Qxc7 Nxc7 32. Kf2 f6 33. Ke3 Kf7
34. f4 Ke7 35. Bd4 Nb5 36. Bb2 Nc7 37. g4 h6 38. h4 g6 39. a4 a5 40. Ba3+ Kf7
41. Bd6 Ne8 42. Ba3 Nc7 43. Kd4 Ne8 44. Kc4 Nc7 45. b4 axb4 46. Kxb4 Ke8 47.
Kc4 Kf7 48. Nb2 g5 49. hxg5 hxg5 50. f5 Ne5+ 51. Kd4 Nxg4 52. Nc4 Na6 53. Nd6+
Ke7 54. fxe6 Kxe6 55. Nf5 Ne5 56. Ng7+ Kd7 57. Nh5 Ke6 58. Ng7+ Kd7 59. Nh5
Nc6+ 60. Ke3 Ke6 61. Bb2 Ne5 62. Bd4 Nc7 63. Ng7+ Kf7 64. Nf5 Ke6 65. Ng7+ Kf7
66. Nf5 Ne6 67. Nd6+ Kg6 68. Bxb6 g4 69. Kf2 Nf4 70. a5 Nfd3+ 71. Kg3 Nb4 72.
Nb5 Kg5 73. Nc7 Nd7 74. Be3+ Kg6 75. a6 Nc6 76. a7 Nxa7 77. Bxa7 Ne5 78. Nd5
1/2-1/2

[Event "Weekend A Ottobre"]
[Site "Torino ITA"]
[Date "2004.10.??"]
[Round "2"]
[White "Quagliana, Giuseppe"]
[Black "Lissandrello, Luca"]
[Result "1-0"]
[WhiteElo "1879"]
[BlackElo "1730"]
[PlyCount "137"]
[EventDate "2004.10.27"]

1. d4 d5 2. c4 c6 3. cxd5 cxd5 4. Nf3 Nf6 5. Nc3 Nc6 6. Bf4 e6 7. e3 Bd6 8. Ne5
O-O 9. Bb5 Qc7 10. Bxc6 bxc6 11. O-O Ba6 12. Re1 Nd7 13. Nxd7 Qxd7 14. Bxd6
Qxd6 15. Na4 Rfe8 16. Nc5 Bc8 17. f4 f6 18. Rc1 e5 19. g3 Rb8 20. b3 e4 21. Qc2
Rb6 22. a4 Rb4 23. Qe2 g6 24. Rc3 h5 25. Rec1 Re7 26. f5 Bxf5 27. Na6 Rb6 28.
a5 Bg4 29. Qg2 Rbb7 30. Rxc6 Qa3 31. Rxf6 Bf5 32. Nc5 Rxb3 33. Nxb3 Qxb3 34.
Qf2 Kg7 35. Rxf5 gxf5 36. Qf4 Qa3 37. Qg5+ Kf7 38. Qxf5+ Kg7 39. Qg5+ Kf7 40.
Rf1+ Ke8 41. Qxh5+ Kd7 42. Qxd5+ Kc7 43. Qc4+ Kd7 44. Qc5 Qxe3+ 45. Kg2 Qe2+
46. Rf2 Qa6 47. Qf5+ Qe6 48. Qxe6+ Kxe6 49. Rb2 Kd5 50. a6 Kxd4 51. Rb7 Re8 52.
Rxa7 e3 53. Rd7+ Kc5 54. Kf1 Rf8+ 55. Kg1 e2 56. Re7 Rf1+ 57. Kg2 e1=Q 58. Rxe1
Rxe1 59. g4 Kb6 60. Kg3 Kxa6 61. g5 Re4 62. h4 Kb6 63. h5 Kc5 64. h6 Kd5 65. h7
Re8 66. g6 Ke6 67. g7 Kf7 68. h8=Q Rxh8 69. gxh8=Q 1-0

[Event "Weekend A Ottobre"]
[Site "Torino ITA"]
[Date "2004.10.??"]
[Round "2"]
[White "Vozza, Nicola"]
[Black "Pulito, Alberto"]
[Result "0-1"]
[WhiteElo "2062"]
[BlackElo "2136"]
[PlyCount "48"]
[EventDate "2004.10.27"]

1. d4 d5 2. e3 Nf6 3. Bd3 e6 4. Nd2 c5 5. c3 Nc6 6. f4 Bd6 7. Qf3 Qc7 8. Nh3 b6
9. O-O Bb7 10. a4 O-O-O 11. Qe2 h6 12. dxc5 bxc5 13. b4 c4 14. Bb1 e5 15. b5
Na5 16. Ba3 Bxa3 17. Rxa3 exf4 18. Bf5+ Kb8 19. Nxf4 Rhe8 20. Raa1 Qe5 21. Bh3
Qxe3+ 22. Qxe3 Rxe3 23. Rf3 d4 24. Rxe3 dxe3 0-1

[Event "Weekend A Ottobre"]
[Site "Torino ITA"]
[Date "2004.10.??"]
[Round "3"]
[White "Pulito, Alberto"]
[Black "Spatola, Davide"]
[Result "1-0"]
[WhiteElo "2136"]
[BlackElo "1835"]
[PlyCount "117"]
[EventDate "2004.10.27"]

1. e4 d6 2. Nc3 g6 3. f4 Bg7 4. Nf3 Nf6 5. Bc4 O-O 6. d3 Nc6 7. O-O Na5 8. Bb3
Bg4 9. h3 Nxb3 10. axb3 Bd7 11. Qe1 e6 12. Qh4 c6 13. e5 Qb6+ 14. Kh1 Ne8 15.
Ne4 f5 16. exf6 Bxf6 17. Nxf6+ Nxf6 18. Bd2 Kg7 19. f5 exf5 20. Bh6+ Kg8 21.
Bxf8 Rxf8 22. Rae1 Qd8 23. Nd4 Nh5 24. Qxd8 Ng3+ 25. Kg1 Rxd8 26. Rf3 Nh5 27.
Rfe3 Nf6 28. c4 c5 29. Ne6 Re8 30. Ng5 Rxe3 31. Rxe3 Kf8 32. Ne6+ Bxe6 33. Rxe6
Ne8 34. Kf2 Kf7 35. Re1 Nf6 36. Ra1 a6 37. b4 Nd7 38. bxc5 Nxc5 39. Ra3 Ke7 40.
b4 Ne6 41. Ke3 Nc7 42. Ra2 g5 43. Rf2 Kf6 44. Kd4 h5 45. c5 dxc5+ 46. Kxc5 h4
47. d4 Ne6+ 48. Kd5 b5 49. Ra2 Nf4+ 50. Kd6 g4 51. d5 Kg5 52. Kc6 Nd3 53. d6
Kf4 54. Kc7 Ne5 55. Re2 Nf7 56. d7 gxh3 57. gxh3 Kg3 58. Re7 Kxh3 59. Rxf7 1-0

[Event "Weekend A Ottobre"]
[Site "Torino ITA"]
[Date "2004.10.??"]
[Round "3"]
[White "Racioppo, Paolo"]
[Black "Forno, Roberto"]
[Result "1-0"]
[WhiteElo "2214"]
[BlackElo "2002"]
[PlyCount "54"]
[EventDate "2004.10.27"]

1. f4 c5 2. Nf3 Nf6 3. d3 d6 4. g3 g6 5. Bg2 Bg7 6. O-O O-O 7. e4 Nc6 8. c3 Rb8
9. Nh4 Qc7 10. h3 b5 11. Qe1 b4 12. g4 Ba6 13. c4 Nd4 14. Qf2 Rb6 15. Be3 Nd7
16. Nf3 e5 17. f5 b3 18. axb3 Nxb3 19. Ra2 Qb7 20. Nc3 Nd4 21. Nd5 Rb3 22. Rfa1
gxf5 23. gxf5 Rxd3 24. Rxa6 Qb3 25. Rxd6 Nc2 26. Rxd7 Nxe3 27. Ne1 Rd1 1-0

[Event "Weekend A Ottobre"]
[Site "Torino ITA"]
[Date "2004.10.??"]
[Round "4"]
[White "Faraoni, Enrico"]
[Black "Fuggetta, Leonardo"]
[Result "1-0"]
[WhiteElo "2162"]
[BlackElo "2053"]
[PlyCount "71"]
[EventDate "2004.10.27"]

1. e4 d6 2. d4 Nf6 3. Nc3 Nbd7 4. f4 e5 5. Nf3 exd4 6. Qxd4 c6 7. Bc4 d5 8.
exd5 Bc5 9. Qd3 O-O 10. dxc6 bxc6 11. Bd2 Re8+ 12. Ne2 Nd5 13. O-O-O N7f6 14.
Ne5 Qb6 15. Nc3 Bb4 16. Rhe1 Be6 17. f5 Bxc3 18. Bxc3 Nf4 19. Qf3 Bxc4 20. Nxc4
Qc7 21. Be5 Rxe5 22. Rxe5 N4d5 23. Rde1 h6 24. g4 Nd7 25. R5e2 Rb8 26. h4 Rb4
27. b3 a5 28. a3 Rb5 29. a4 Rc5 30. Re8+ Kh7 31. g5 N7b6 32. g6+ fxg6 33. fxg6+
Kxg6 34. Rg1+ Kh7 35. Qf5+ g6 36. Qxg6# 1-0

[Event "Weekend A Ottobre"]
[Site "Torino ITA"]
[Date "2004.10.??"]
[Round "4"]
[White "Pepino, Enrico"]
[Black "Quagliana, Giuseppe"]
[Result "1/2-1/2"]
[WhiteElo "2093"]
[BlackElo "1879"]
[PlyCount "85"]
[EventDate "2004.10.27"]

1. e4 e6 2. d4 d5 3. Nd2 Nf6 4. e5 Nfd7 5. Bd3 c5 6. c3 Nc6 7. Ngf3 Qb6 8. O-O
g6 9. Qa4 a6 10. Re1 Bg7 11. Nf1 O-O 12. h4 f6 13. exf6 Nxf6 14. Ng3 Bd7 15.
dxc5 Qxc5 16. Qc2 Ng4 17. Be3 Nxe3 18. Rxe3 d4 19. cxd4 Qxc2 20. Bxc2 Nxd4 21.
Nxd4 Bxd4 22. Re2 Bb5 23. Rd1 Bxe2 24. Rxd4 Bb5 25. Bb3 Kg7 26. Bxe6 Rae8 27.
Bg4 Re1+ 28. Kh2 Rxf2 29. Bf3 Bc6 30. Bxc6 bxc6 31. Rd7+ Rf7 32. Rd6 Rc7 33. h5
a5 34. hxg6 hxg6 35. Rd2 c5 36. b3 Re3 37. Rc2 Rc8 38. Ne2 g5 39. Kg1 Rce8 40.
Kf2 Rxe2+ 41. Rxe2 Rxe2+ 42. Kxe2 Kf6 43. Kd3 1/2-1/2

[Event "Weekend A Ottobre"]
[Site "Torino ITA"]
[Date "2004.10.??"]
[Round "5"]
[White "Catana, Costel"]
[Black "Raviola, Giuseppe"]
[Result "0-1"]
[WhiteElo "2100"]
[BlackElo "2083"]
[PlyCount "93"]
[EventDate "2004.10.27"]

1. e4 c5 2. Nf3 Nc6 3. d4 cxd4 4. Nxd4 e5 5. Nb3 Nf6 6. Nc3 Bb4 7. a3 Bxc3+ 8.
bxc3 d5 9. exd5 Qxd5 10. Qxd5 Nxd5 11. Bd2 Bf5 12. Bd3 Bxd3 13. cxd3 Rd8 14.
Rb1 O-O 15. O-O Nb6 16. Nc5 Rd5 17. Be3 Nd7 18. Ne4 f5 19. Ng5 f4 20. Bc1 b6
21. Rd1 Nc5 22. c4 Rxd3 23. Bb2 Rfd8 24. Re1 h6 25. Nh3 Rb3 26. f3 Rd2 27. Ba1
Rxb1 28. Rxb1 Ra2 29. Rd1 Rxa3 30. Nf2 a5 31. h3 Ra4 32. Ng4 Rxc4 33. Nxe5 Nxe5
34. Bxe5 b5 35. Rd8+ Kf7 36. Ra8 Nd3 37. Ra7+ Ke6 38. Bb8 Rc1+ 39. Kh2 a4 40.
g3 Rc2+ 41. Kg1 g5 42. Ra6+ Kd5 43. gxf4 Nxf4 44. h4 Nh3+ 45. Kh1 gxh4 46. Rxh6
a3 47. Rxh4 0-1

[Event "Weekend A Ottobre"]
[Site "Torino ITA"]
[Date "2004.10.??"]
[Round "5"]
[White "Diana, Riccardo"]
[Black "Pulito, Alberto"]
[Result "0-1"]
[WhiteElo "2119"]
[BlackElo "2136"]
[PlyCount "60"]
[EventDate "2004.10.27"]

1. e4 d5 2. exd5 Nf6 3. d4 Bg4 4. Nf3 Qxd5 5. Nc3 Qf5 6. Be2 Nc6 7. Be3 O-O-O
8. h3 Bxf3 9. Bxf3 Nxd4 10. Bxd4 e5 11. Nd5 exd4 12. Nxf6 Qxf6 13. O-O Bd6 14.
Re1 c6 15. Re4 Kb8 16. Qd3 Rhe8 17. Rd1 Bc7 18. g3 g6 19. Bg2 Bb6 20. Rde1 Rxe4
21. Rxe4 Qd6 22. a4 f5 23. Re2 h5 24. h4 f4 25. Re4 fxg3 26. fxg3 Bc7 27. Kh2
Qc5 28. b3 g5 29. hxg5 Qxg5 30. Kh3 Rg8 0-1

[Event "Weekend A Ottobre"]
[Site "Torino ITA"]
[Date "2004.10.??"]
[Round "5"]
[White "Fuggetta, Leonardo"]
[Black "Pepino, Enrico"]
[Result "0-1"]
[WhiteElo "2053"]
[BlackElo "2093"]
[PlyCount "60"]
[EventDate "2004.10.27"]

1. Nf3 g6 2. d4 Bg7 3. c4 Nf6 4. Nc3 O-O 5. e4 d6 6. h3 e5 7. d5 Na6 8. Bg5 Qe8
9. g4 Nd7 10. Rg1 Ndc5 11. Nd2 Bd7 12. Be2 Kh8 13. h4 f5 14. gxf5 gxf5 15. Be3
Qe7 16. Bg5 Bf6 17. a3 Rg8 18. b4 Nxe4 19. Ndxe4 fxe4 20. Qd2 Bxg5 21. hxg5
Raf8 22. Qe3 Rf4 23. O-O-O Bf5 24. Qg3 Bg6 25. Rg2 Qf7 26. Rh1 Rf3 27. Bxf3
exf3 28. Re1 fxg2 29. Qxg2 Qf4+ 30. Re3 Rf8 0-1

[Event "Weekend A Ottobre"]
[Site "Torino ITA"]
[Date "2004.10.??"]
[Round "5"]
[White "Racioppo, Paolo"]
[Black "Faraoni, Enrico"]
[Result "1-0"]
[WhiteElo "2214"]
[BlackElo "2162"]
[PlyCount "49"]
[EventDate "2004.10.27"]

1. e4 e6 2. d3 d5 3. Nd2 c5 4. g3 Bd6 5. Bg2 Ne7 6. f4 Nbc6 7. Ngf3 f6 8. O-O
O-O 9. a3 b5 10. Qe2 Qc7 11. Re1 Nd4 12. Nxd4 cxd4 13. Nb3 e5 14. fxe5 fxe5 15.
Bg5 Bb7 16. Bxe7 Qxe7 17. exd5 Rac8 18. Na5 Rc5 19. Nc6 Qg5 20. Rf1 g6 21.
Rxf8+ Bxf8 22. Nxe5 Bh6 23. Ng4 Bxd5 24. Nxh6+ Qxh6 25. Bxd5+ 1-0

[Event "Weekend A Ottobre"]
[Site "Torino ITA"]
[Date "2004.10.??"]
[Round "5"]
[White "Rotundo, Raffaele"]
[Black "Forno, Roberto"]
[Result "1-0"]
[WhiteElo "2123"]
[BlackElo "2002"]
[PlyCount "70"]
[EventDate "2004.10.27"]

1. e4 g6 2. d4 Bg7 3. c4 d6 4. Nc3 Nf6 5. Nf3 O-O 6. Be2 c5 7. d5 Bg4 8. O-O
Na6 9. Be3 Nc7 10. h3 Bd7 11. Ne1 a6 12. a4 Rb8 13. a5 b5 14. axb6 Rxb6 15. Nd3
Qb8 16. e5 Nfe8 17. Bg4 f5 18. exf6 Bxg4 19. Qxg4 Nxf6 20. Qh4 e5 21. dxe6 Nxe6
22. Bh6 Nd4 23. Bxg7 Kxg7 24. Ra2 Qb7 25. Na4 Nf5 26. Qf4 Nd4 27. Qh4 Rc6 28.
Re1 Qb3 29. Nc3 Qxc4 30. Qg3 Nd5 31. Ra4 Nb4 32. Nxb4 cxb4 33. Re7+ Rf7 34.
Rxf7+ Qxf7 35. Rxb4 Rxc3 1-0

[Event "Weekend A Ottobre"]
[Site "Torino ITA"]
[Date "2004.10.??"]
[Round "6"]
[White "Faraoni, Enrico"]
[Black "Pulito, Alberto"]
[Result "0-1"]
[WhiteElo "2162"]
[BlackElo "2136"]
[PlyCount "76"]
[EventDate "2004.10.27"]

1. d4 d5 2. e4 e6 3. Nc3 Nc6 4. Be3 Bb4 5. a3 Bxc3+ 6. bxc3 dxe4 7. f3 a6 8.
fxe4 Qh4+ 9. Kd2 Qxe4 10. Nf3 Nf6 11. Bd3 Qd5 12. Kc1 Ng4 13. Re1 Nxe3 14. Rxe3
Qd6 15. Qe2 h6 16. Nd2 Ne7 17. Rg3 Nd5 18. Ne4 Qf8 19. Rf3 Qe7 20. Kb2 Bd7 21.
c4 Nb6 22. Raf1 Rf8 23. Nc5 O-O-O 24. Be4 Na4+ 25. Nxa4 Bxa4 26. d5 Kb8 27. Re3
Rfe8 28. Re1 Qc5 29. Bd3 exd5 30. cxd5 Rxe3 31. Qxe3 Qxd5 32. Qg3 Qd4+ 33. Ka2
Qc3 34. Rb1 Bxc2 35. Rxb7+ Ka8 36. Qe3 Qd4 37. Qxd4 Rxd4 38. Bxa6 Bd3 0-1

[Event "Weekend A Ottobre"]
[Site "Torino ITA"]
[Date "2004.10.??"]
[Round "6"]
[White "Giacometto, Mario"]
[Black "Diana, Riccardo"]
[Result "1/2-1/2"]
[WhiteElo "1916"]
[BlackElo "2119"]
[PlyCount "79"]
[EventDate "2004.10.27"]

1. e4 e5 2. d4 exd4 3. c3 d5 4. exd5 Qxd5 5. cxd4 Nc6 6. Nf3 Bg4 7. Be2 O-O-O
8. Nc3 Bb4 9. O-O Qa5 10. Be3 Nf6 11. Ng5 Bxe2 12. Nxe2 Rd7 13. a3 Bd6 14. b4
Qf5 15. Qb3 a6 16. Rac1 Nd5 17. Ng3 Bxg3 18. fxg3 Qg6 19. Nxf7 Re8 20. Ne5 Nxe5
21. dxe5 Rxe5 22. Bf4 Re8 23. Rfd1 Nxf4 24. gxf4 Qb6+ 25. Kh1 Rxd1+ 26. Rxd1
Qf2 27. Rg1 Qxf4 28. Qh3+ Kb8 29. Qxh7 Qe5 30. Qg6 Ka7 31. Qc2 b6 32. h3 g5 33.
Rc1 Re7 34. Qc4 Rg7 35. Qg4 Qe3 36. Rf1 Qxa3 37. Qc8 Re7 38. Rf8 Qa1+ 39. Kh2
Qe5+ 40. Kh1 1/2-1/2

[Event "Weekend A Ottobre"]
[Site "Torino ITA"]
[Date "2004.10.??"]
[Round "6"]
[White "Pepino, Enrico"]
[Black "Racioppo, Paolo"]
[Result "1-0"]
[WhiteElo "2093"]
[BlackElo "2214"]
[PlyCount "95"]
[EventDate "2004.10.27"]

1. e4 c5 2. Nf3 a6 3. c3 d6 4. d4 Nd7 5. Bd3 e6 6. O-O Ne7 7. Re1 Ng6 8. Nbd2
Be7 9. Nf1 O-O 10. Bd2 b5 11. Ng3 c4 12. Bc2 Bb7 13. Qe2 Qc7 14. Ng5 h6 15. Nh3
Rfe8 16. Rad1 e5 17. Nf5 Bf8 18. d5 Ne7 19. g4 Nxf5 20. gxf5 Be7 21. Kh1 Bf6
22. Rg1 Kf8 23. Qh5 Ke7 24. f3 Qb6 25. Rde1 a5 26. Be3 Nc5 27. Nf2 Rab8 28. Ng4
b4 29. Nxf6 gxf6 30. Rg7 Rf8 31. Reg1 bxc3 32. Rh7 Qd8 33. bxc3 Bc8 34. Rgg7
Qe8 35. Qxh6 Nd7 36. Ba4 Rb1+ 37. Kg2 Rb2+ 38. Kh3 Rxa2 39. Bxd7 Kxd7 40. Qxf6
Kc7 41. Rxf7+ Rxf7 42. Rxf7+ Bd7 43. Kg3 a4 44. Rf8 a3 45. Rxe8 Bxe8 46. Qe7+
Bd7 47. Bg5 Ra1 48. Qd8+ 1-0

[Event "Weekend A Ottobre"]
[Site "Torino ITA"]
[Date "2004.10.??"]
[Round "6"]
[White "Raviola, Giuseppe"]
[Black "Rotundo, Raffaele"]
[Result "1/2-1/2"]
[WhiteElo "2083"]
[BlackElo "2123"]
[PlyCount "61"]
[EventDate "2004.10.27"]

1. e4 e6 2. d4 d5 3. exd5 exd5 4. Bd3 Nc6 5. c3 Bd6 6. Nf3 Nf6 7. Bg5 Bg4 8.
O-O O-O 9. Nbd2 Ne7 10. Qc2 Ng6 11. h3 Be6 12. Rfe1 Re8 13. Ne5 Nf8 14. Ndf3 h6
15. Bh4 c6 16. Bf5 Be7 17. Re2 Bxf5 18. Qxf5 Qc8 19. Qxc8 Raxc8 20. Rae1 Ne4
21. Bxe7 Rxe7 22. Nh4 Nd6 23. b3 Rce8 24. Kf1 f6 25. Neg6 Rxe2 26. Rxe2 Rxe2
27. Kxe2 Nxg6 28. Nxg6 Kf7 29. Nf4 Ne4 30. c4 dxc4 31. bxc4 1/2-1/2

[Event "Weekend A Ottobre"]
[Site "Torino ITA"]
[Date "2004.10.??"]
[Round "7"]
[White "Beccaris, Gabriele"]
[Black "Faraoni, Enrico"]
[Result "1-0"]
[WhiteElo "2066"]
[BlackElo "2162"]
[PlyCount "75"]
[EventDate "2004.10.27"]

1. e4 e6 2. d4 d5 3. Nc3 Bb4 4. a3 Bxc3+ 5. bxc3 dxe4 6. Qg4 Nf6 7. Qxg7 Rg8 8.
Qh6 Nbd7 9. Ne2 b6 10. Ng3 Bb7 11. Bb2 Qe7 12. O-O-O Ng4 13. Qf4 Qg5 14. Qxg5
Rxg5 15. Rd2 O-O-O 16. Nxe4 Bxe4 17. f3 Ngf6 18. fxe4 Nxe4 19. Re2 f5 20. g3
Ndf6 21. Bg2 h5 22. c4 c6 23. d5 exd5 24. Bxf6 Nxf6 25. Re6 Ne4 26. Rxc6+ Kb7
27. cxd5 Rxd5 28. Re6 h4 29. Bxe4 fxe4 30. gxh4 Rg4 31. Re1 Rxh4 32. R1xe4 Rxh2
33. Re7+ Kc6 34. Rc4+ Kb5 35. Rb4+ Kc6 36. Rc4+ Kb5 37. Rcc7 a5 38. c4+ 1-0

[Event "Weekend A Ottobre"]
[Site "Torino ITA"]
[Date "2004.10.??"]
[Round "7"]
[White "Diana, Riccardo"]
[Black "Fassio, Luca"]
[Result "0-1"]
[WhiteElo "2119"]
[BlackElo "2066"]
[PlyCount "63"]
[EventDate "2004.10.27"]

1. d4 g6 2. e4 Bg7 3. Nf3 d6 4. Bd3 Nf6 5. O-O O-O 6. c3 c5 7. Nbd2 Nc6 8. h3
cxd4 9. cxd4 e5 10. dxe5 dxe5 11. Nc4 Nh5 12. Re1 Nf4 13. Bf1 Ne6 14. Be3 Qe7
15. Qd6 Qf6 16. Red1 Re8 17. Rac1 Bf8 18. Qd2 Bb4 19. Qd3 Nf4 20. Bxf4 Qxf4 21.
Qe3 Qf6 22. a3 Bf8 23. b4 Be6 24. b5 Bxc4 25. bxc6 Bxf1 26. cxb7 Rab8 27. Rxf1
Rxb7 28. Rc3 Reb8 29. Rfc1 Kg7 30. Qd3 h5 31. g3 Qe6 32. Kg2 {...} 0-1

[Event "Weekend A Ottobre"]
[Site "Torino ITA"]
[Date "2004.10.??"]
[Round "7"]
[White "Spatola, Davide"]
[Black "Raviola, Giuseppe"]
[Result "0-1"]
[WhiteElo "1835"]
[BlackElo "2083"]
[PlyCount "70"]
[EventDate "2004.10.27"]

1. d4 Nf6 2. Nf3 d5 3. Bg5 e6 4. e3 Be7 5. Bd3 Nbd7 6. O-O O-O 7. Nbd2 b6 8.
Ne5 Bb7 9. f4 Ne4 10. Bxe7 Qxe7 11. c3 f5 12. Nxd7 Qxd7 13. Rf3 Nxd2 14. Qxd2
Rf6 15. Rh3 Raf8 16. Qf2 Rg6 17. Be2 Rff6 18. Bh5 Rh6 19. Qe2 Qa4 20. b3 Qa3
21. g4 fxg4 22. Bxg4 Rxh3 23. Bxh3 Ba6 24. Qc2 Rh6 25. Kg2 Qe7 26. Bg4 Rg6 27.
Kf3 Qh4 28. h3 Rxg4 29. Qh2 Bd3 30. Rg1 Rxg1 31. Qxg1 Qxh3+ 32. Qg3 Qxg3+ 33.
Kxg3 Kf7 34. Kg4 Kf6 35. a3 Be2+ 0-1

[Event "XXXVI Olimpiadi (San Marino)"]
[Site "Calvia' ESP"]
[Date "2004.10.17"]
[Round "3.2"]
[White "Mutabazi, Fidele"]
[Black "Volpinari, Danilo"]
[Result "0-1"]
[WhiteElo "2200"]
[BlackElo "2053"]
[Annotator "SMR-RWA"]
[PlyCount "72"]
[EventDate "2004.10.15"]

1.e4 c5 2.Nf3 Nc6 3.c3 d5 4.exd5 Qxd5 5.h3 e5 6.Bb5 e4 7.Bxc6+ bxc6 8.Nh2 
Ba6 9.f3 Bd6 10.Nf1 Nf6 11.Kf2 O-O 12.Ne3 Qg5 13.Ng4 Qh4+ 14.Kg1 Rfe8 15.
Ne3 Bg3 16.c4 Bf2+ 17.Kf1 exf3 18.b3 fxg2+ 19.Nxg2 Qd4 20.Nc3 Rad8 21.Qf3 
Ne4 22.Nxe4 Rxe4 23.Rb1 Bh4 24.d3 Qxd3+ 25.Qxd3 Rxd3 26.Nxh4 Rxh4 27.Kg2 
Bc8 28.Bg5 Re4 29.Rb2 h6 30.Bc1 Bf5 31.Rd2 Rxd2+ 32.Bxd2 Re2+ 33.Kg3 Rxd2 
34.Kf4 g6 35.Ke5 Kg7 36.Re1 Rd4 0-1

[Event "XXXVI Olimpiadi (San Marino)"]
[Site "Calvia' ESP"]
[Date "2004.10.18"]
[Round "4.2"]
[White "Simonsen, Hans Kristian"]
[Black "Righi, Ezio"]
[Result "1-0"]
[WhiteElo "2293"]
[BlackElo "2129"]
[Annotator "SMR-FRO"]
[PlyCount "59"]
[EventDate "2004.10.15"]

1.Nf3 d5 2.d4 c6 3.c4 e6 4.Nc3 dxc4 5.g3 Nf6 6.Bg2 Be7 7.Ne5 O-O 8.O-O 
Nbd7 9.Nxc4 Nb6 10.Ne5 c5 11.Be3 Nbd5 12.Bc1 Qc7 13.Nxd5 exd5 14.Bf4 Bd6 
15.Rc1 Be6 16.e3 c4 17.g4 b5 18.g5 Nd7 19.Nd3 Rfd8 20.Re1 Qb6 21.Bxd6 Qxd6
22.Nf4 Nf8 23.h4 a5 24.Ne2 b4 25.Ng3 a4 26.e4 a3 27.bxa3 Rxa3 28.exd5 Bxd5
29.Nf5 Qc6 30.Ne7+ 1-0